|
|
|
|
| LEADER |
02737nam a2200625 a 4500 |
| 001 |
nkc20061640063 |
| 003 |
CZ PrNK |
| 005 |
20060614141044.0 |
| 007 |
ta |
| 008 |
060127s2005 xr a f 100 0 eng |
| 015 |
|
|
|a cnb001640063
|
| 020 |
|
|
|a 80-7194-816-0
|q (brož.)
|
| 035 |
|
|
|a (OCoLC)85718269
|
| 040 |
|
|
|a BOA001
|b cze
|
| 045 |
|
|
|a w-y0
|
| 072 |
|
7 |
|a 316.7
|x Sociologie kultury. Kulturní život
|2 Konspekt
|9 1
|
| 080 |
|
|
|a 130.2
|2 MRF
|
| 080 |
|
|
|a 316.72/.75
|2 MRF
|
| 080 |
|
|
|a 82.02"1880/1945"
|2 MRF
|
| 080 |
|
|
|a 82.02"1960/20.."
|2 MRF
|
| 080 |
|
|
|a 82:316.3
|2 MRF
|
| 080 |
|
|
|a 821(100)
|2 MRF
|
| 080 |
|
|
|a (062.534)
|2 MRF
|
| 111 |
2 |
|
|a Cultural Studies at the Turn of the Millennium (konference)
|d (2005 :
|c Pardubice, Česko)
|7 olak2006333070
|
| 245 |
1 |
0 |
|a Cultural Studies at the Turn of the Millennium :
|b proceedings of the sixth cultural studies conference : University of Pardubice, 20 October 2005 = Kulturní studia na přelomu tisíciletí : sborník příspěvků : Univerzita Pardubice, 20. října 2005 /
|c Šárka Bubíková, Olga Zderadičková, Michael M. Kaylor (eds.)
|
| 246 |
3 |
1 |
|a Kulturní studia na přelomu tisíciletí
|
| 250 |
|
|
|a Vyd. 1.
|
| 260 |
|
|
|a Pardubice :
|b Univerzita Pardubice, Fakulta humanitních studií,
|c 2005
|
| 300 |
|
|
|a 122 s. :
|b il. ;
|c 21 cm
|
| 500 |
|
|
|a 50 výt.
|
| 504 |
|
|
|a Obsahuje bibliografie a bibliografické odkazy
|
| 648 |
|
7 |
|a 19.-21. století
|7 ch757016
|2 czenas
|
| 648 |
|
7 |
|a 21. století
|7 ch460559
|2 czenas
|
| 650 |
0 |
7 |
|a kulturologie
|7 ph122031
|y 21. století
|2 czenas
|
| 650 |
0 |
7 |
|a kultura a společnost
|7 ph122010
|y 19.-21. století
|2 czenas
|
| 650 |
0 |
7 |
|a modernismus (literatura)
|7 ph122935
|2 czenas
|
| 650 |
0 |
7 |
|a postmodernismus (literatura)
|7 ph124406
|2 czenas
|
| 650 |
0 |
7 |
|a literatura a společnost
|7 ph122371
|y 19.-21. století
|2 czenas
|
| 650 |
0 |
7 |
|a světová literatura
|7 ph116360
|y 19.-21. století
|2 czenas
|
| 650 |
0 |
9 |
|a culturology
|y 21st century
|2 eczenas
|
| 650 |
0 |
9 |
|a culture and society
|y 19th-21st centuries
|2 eczenas
|
| 650 |
0 |
9 |
|a modernism (literature)
|2 eczenas
|
| 650 |
0 |
9 |
|a postmodernism (literature)
|2 eczenas
|
| 650 |
0 |
9 |
|a literature and society
|y 19th-21st centuries
|2 eczenas
|
| 650 |
0 |
9 |
|a literature
|y 19th-21st centuries
|2 eczenas
|
| 655 |
|
7 |
|a sborníky konferencí
|7 fd133333
|2 czenas
|
| 655 |
|
9 |
|a proceedings of conferences
|2 eczenas
|
| 700 |
1 |
|
|a Bubíková, Šárka,
|d 1970-
|7 mzk2006337215
|4 edt
|
| 700 |
1 |
|
|a Zderadičková, Olga
|7 mzk2006337216
|4 edt
|
| 700 |
1 |
|
|a Kaylor, Michael Matthew,
|d 1968-
|7 mzk2006337217
|4 edt
|
| 910 |
2 |
|
|a BOA001
|b 2-1167.790
|
| 990 |
|
|
|a BK
|
| 995 |
|
|
|a 01
|
| 991 |
|
|
|b 200605
|c NOV
|
| 996 |
6 |
|
|b 2610278232
|c 2-1167.790
|l MZK
|r Sklad / do 1 hodiny
|n 1
|p p.v.
|w 000815150
|u 000010
|a 1
|e BOA001
|j MZK50
|s P
|